000 00233nam a2200097Ia 4500
001 711463
005 20250826162808.0
008 250824s9999 xx 000 0 und d
245 0 _aADI:AYLİN
_cAYŞE KULİN
260 _bEVEREST YAYINLARI
999 _c711463
_d711463